000 00693nam a2200253 a 4500
003 AR-BaBNM
005 20251128204651.0
008 082120s2002 ||||||||||||||000 | spa||
020 _a956-131034-1
040 _cAR-BaBNM
100 1 _aBalcells, Jacqueline
245 0 0 _aQuerido fantasma
_bonce casos para resolver
260 _aSantiago de Chile
_bEditorial Andrés Bello
_c1992
300 _a108 p.
_bil.
650 4 _aLIBROS PARA NIÑOS
650 4 _aLITERATURA INFANTIL
653 _aCUENTOS DE MISTERIO
653 _aCUENTO MARAVILLOSO
655 _aLITERATURA
700 1 _aGüiraldes, Ana María
700 1 _aQuiroga, Camila
_eilustrador
942 _cBK
998 _cMARTIN
999 _c8309
_d8309